Statistics for UEFA Youth League Winners

Click here to take the quiz!

General Stats

  • This quiz has been taken 22 times
  • The average score is 4 of 6

Answer Stats

YearAnswer% Correct
2013/2014Barcelona
90%
2017/2018Barcelona
90%
2014/2015Chelsea
70%
2015/2016Chelsea
70%
2018/2019Porto
70%
2016/2017RB Salzburg
45%

Score Distribution

Percentile by Number Answered

Percent of People with Each Score

Your Score History

You have not taken this quiz